00520nas a2200217 4500000000100000008004100001260001300042653001200055653001100067653001200078653000900090653002500099653001800124100001500142245005200157856004300209300001100252490000700263050001800270022001400288 2001 d c2001 Jun10aAnimals10aHumans10aleprosy10aMice10aMycobacterium leprae10aT-Lymphocytes1 aSengupta U00aImmunopathology of leprosy; a state of the art. uhttp://ila.ilsl.br/pdfs/v69n2s1a07.pdf aS36-410 v69 aSENGUPTA 2001 a0148-916X